000 00498nam a22001697a 4500
005 20231114141949.0
008 231114b |||||||| |||| 00| 0 eng d
020 _a0702108871
041 _aEnglish
082 _a344.5 REE
100 _aReed, TD
_lEnglish
245 _aDrug Offences in South Africa /
_cTD Reed
260 _aCape Town :
_bJuta and Company Ltd,
_c1978
300 _bxx, 184 pages ;
_c26 cm.
650 _aLegal practice
_bLaw
942 _cBK
_6ALISON_BN_VRIES
999 _c637
_d637